000
00293nam a2200109 a 4500
008
101214s1983|||| d
245
1
0
_a
Informatická príprava žiakov škôl II. cyklu
260
_b
Krajská knižnica Košice
_a
Košice
_c
1983
020
_c
10
041
_a
slo
044
_a
xo
_c
SK
999
_c
15224
_d
15224